<?xml version="1.0" encoding="UTF-8"?>
<record
    xmlns:xsi="http://www.w3.org/2001/XMLSchema-instance"
    xsi:schemaLocation="http://www.loc.gov/MARC21/slim http://www.loc.gov/standards/marcxml/schema/MARC21slim.xsd"
    xmlns="http://www.loc.gov/MARC21/slim">

  <leader>01252nam2a22002531  4500</leader>
  <controlfield tag="001">rc\759130</controlfield>
  <controlfield tag="005">20250622134906.0</controlfield>
  <datafield tag="035" ind1=" " ind2=" ">
    <subfield code="a">(NLR Aleph) 006322847</subfield>
  </datafield>
  <datafield tag="090" ind1=" " ind2=" ">
    <subfield code="a">7467529</subfield>
    <subfield code="c">7467529</subfield>
  </datafield>
  <datafield tag="100" ind1=" " ind2=" ">
    <subfield code="a">20040301d1985    |||y0rusy50      ca</subfield>
  </datafield>
  <datafield tag="101" ind1="0" ind2=" ">
    <subfield code="a">rus</subfield>
  </datafield>
  <datafield tag="102" ind1=" " ind2=" ">
    <subfield code="a">RU</subfield>
  </datafield>
  <datafield tag="105" ind1=" " ind2=" ">
    <subfield code="a">y   |||||||||</subfield>
  </datafield>
  <datafield tag="200" ind1="0" ind2=" ">
    <subfield code="a">...1971-1975</subfield>
    <subfield code="f">[&#x421;&#x43E;&#x441;&#x442;. &#x41E;. &#x421;&#x435;&#x439;&#x438;&#x442;&#x43D;&#x438;&#x44F;&#x437;&#x43E;&#x432;&#x430; &#x438; &#x434;&#x440;.</subfield>
    <subfield code="g">&#x41E;&#x442;&#x432;. &#x440;&#x435;&#x434;. &#x417;. &#x41D;&#x430;&#x437;&#x430;&#x440;&#x43E;&#x432;&#x430;]</subfield>
  </datafield>
  <datafield tag="210" ind1=" " ind2=" ">
    <subfield code="d">1985</subfield>
    <subfield code="a">&#x411;. &#x43C;.</subfield>
  </datafield>
  <datafield tag="215" ind1=" " ind2=" ">
    <subfield code="a">215 &#x441;.</subfield>
  </datafield>
  <datafield tag="461" ind1=" " ind2="0">
    <subfield code="1">001rc\759129</subfield>
    <subfield code="1">2001#$a&#x41A;&#x43D;&#x438;&#x433;&#x430; &#x441;&#x43E;&#x432;&#x435;&#x442;&#x441;&#x43A;&#x43E;&#x433;&#x43E; &#x422;&#x443;&#x440;&#x43A;&#x43C;&#x435;&#x43D;&#x438;&#x441;&#x442;&#x430;&#x43D;&#x430;...$e[&#x420;&#x435;&#x442;&#x440;&#x43E;&#x441;&#x43F;. &#x443;&#x43A;&#x430;&#x437;. &#x43B;&#x438;&#x442;.]$f&#x413;&#x43E;&#x441;. &#x43A;&#x43E;&#x43C;. &#x422;&#x443;&#x440;&#x43A;&#x43C;&#x421;&#x421;&#x420; &#x43F;&#x43E; &#x434;&#x435;&#x43B;&#x430;&#x43C; &#x438;&#x437;&#x434;-&#x432;, &#x43F;&#x43E;&#x43B;&#x438;&#x433;&#x440;&#x430;&#x444;&#x438;&#x438; &#x438; &#x43A;&#x43D;. &#x442;&#x43E;&#x440;&#x433;&#x43E;&#x432;&#x43B;&#x438;, &#x413;&#x43E;&#x441;. &#x43A;&#x43D;. &#x43F;&#x430;&#x43B;&#x430;&#x442;&#x430; &#x422;&#x443;&#x440;&#x43A;&#x43C;&#x421;&#x421;&#x420;$v...1971-1975</subfield>
    <subfield code="9">7467521</subfield>
    <subfield code="c">&#x410;&#x448;&#x445;&#x430;&#x431;&#x430;&#x434;</subfield>
    <subfield code="d">1985</subfield>
    <subfield code="f">&#x413;&#x43E;&#x441;. &#x43A;&#x43E;&#x43C;. &#x422;&#x443;&#x440;&#x43A;&#x43C;&#x421;&#x421;&#x420; &#x43F;&#x43E; &#x434;&#x435;&#x43B;&#x430;&#x43C; &#x438;&#x437;&#x434;-&#x432;, &#x43F;&#x43E;&#x43B;&#x438;&#x433;&#x440;&#x430;&#x444;&#x438;&#x438; &#x438; &#x43A;&#x43D;. &#x442;&#x43E;&#x440;&#x433;&#x43E;&#x432;&#x43B;&#x438;, &#x413;&#x43E;&#x441;. &#x43A;&#x43D;. &#x43F;&#x430;&#x43B;&#x430;&#x442;&#x430; &#x422;&#x443;&#x440;&#x43A;&#x43C;&#x421;&#x421;&#x420;</subfield>
    <subfield code="n">&#x422;&#x443;&#x440;&#x43A;&#x43C;&#x435;&#x43D;&#x438;&#x441;&#x442;&#x430;&#x43D;</subfield>
    <subfield code="o">[&#x420;&#x435;&#x442;&#x440;&#x43E;&#x441;&#x43F;. &#x443;&#x43A;&#x430;&#x437;. &#x43B;&#x438;&#x442;.]</subfield>
    <subfield code="t">&#x41A;&#x43D;&#x438;&#x433;&#x430; &#x441;&#x43E;&#x432;&#x435;&#x442;&#x441;&#x43A;&#x43E;&#x433;&#x43E; &#x422;&#x443;&#x440;&#x43A;&#x43C;&#x435;&#x43D;&#x438;&#x441;&#x442;&#x430;&#x43D;&#x430;...</subfield>
    <subfield code="v">...1971-1975</subfield>
  </datafield>
  <datafield tag="801" ind1=" " ind2="0">
    <subfield code="a">RU</subfield>
    <subfield code="b">NLR</subfield>
    <subfield code="g">psbo</subfield>
  </datafield>
  <datafield tag="801" ind1=" " ind2="1">
    <subfield code="a">RU</subfield>
    <subfield code="b">ELAR</subfield>
    <subfield code="2">rusmarc</subfield>
  </datafield>
  <datafield tag="852" ind1=" " ind2=" ">
    <subfield code="a">NLR</subfield>
    <subfield code="b">&#x41E;&#x41D;&#x41B;</subfield>
  </datafield>
  <datafield tag="852" ind1=" " ind2=" ">
    <subfield code="a">NLR</subfield>
    <subfield code="j">&#x41E;&#x41D;&#x41B;</subfield>
  </datafield>
  <datafield tag="942" ind1=" " ind2=" ">
    <subfield code="c">BOOK</subfield>
  </datafield>
  <datafield tag="980" ind1=" " ind2=" ">
    <subfield code="a">NB</subfield>
  </datafield>
  <datafield tag="995" ind1=" " ind2=" ">
    <subfield code="5">2013-10-26</subfield>
    <subfield code="b">NLR01</subfield>
    <subfield code="c">NLR01</subfield>
    <subfield code="e">ONL</subfield>
    <subfield code="f">6322847-10</subfield>
    <subfield code="k">&#x41E;&#x41D;&#x41B;</subfield>
    <subfield code="o">0</subfield>
    <subfield code="r">BOOK</subfield>
    <subfield code="s">_</subfield>
  </datafield>
</record>
